Vierschanzentournee 2025/2026 - Statistiken

Allgemein
  • Dieses Quiz wurde 24 mal gespielt
  • Das Durchschnittsergebnis liegt bei 11 aus 20
Antwortstatistiken
# Skispringer Land Punkte % Korrekt
1 Domen Prevc 1195.60 Slowenien
95%
8 Philipp Raimund 1089.60 Deutschland
95%
7 Daniel Tschofenig 1115.80 Österreich
86%
11 Stefan Kraft 1053.50 Österreich
86%
6 Felix Hoffmann 1120.30 Deutschland
81%
2 Jan Hörl 1153.30 Österreich
81%
5 Ryoyu Kobayashi 1123.10 Japan
81%
3 Stephan Embacher 1150.60 Österreich
67%
9 Anze Lanisek 1074.50 Slowenien
57%
10 Manuel Fettner 1056.50 Österreich
52%
4 Ren Nikaido 1123.50 Japan
52%
19 Kamil Stoch 880.30 Polen
48%
14 Vladimir Zografski 1022.90 Bulgarien
48%
15 Jonas Schuster 1019.50 Österreich
43%
13 Johann Andre Forfang 1025.40 Norwegen
38%
18 Kristoffer Eriksen Sundal 890.40 Norwegen
33%
12 Kacper Tomasiak 1052.10 Polen
29%
17 Sandro Hauswirth 994.60 Schweiz
29%
16 Maximilian Ortner 1018.50 Österreich
19%
20 Naoki Nakamura 871.50 Japan
10%
Keine übereinstimmenden Quizze gefunden
Verteilung der Resultate
Anzahl Personen mit jedem Resultat
Perzentil nach korrekt beantworteten Fragen
Ihre Resultats-Entwicklung
Sie haben dieses Quiz noch nicht gespielt